[Event "Odoev-ch"]
[Site "Odoev"]
[Date "2018.06.02"]
[Round "6"]
[White "Kobjakov, Vladimir"]
[Black "Malik, Alexander"]
[Result "1/2-1/2"]
[WhiteElo "1969"]
[BlackElo "2187"]
[PlyCount "132"]
[EventDate "2018.05.28"]
[EventType "swiss"]
[EventRounds "9"]
[EventCountry "RUS"]
[SourceTitle "EXT 2019"]
[Source "ChessBase"]
[SourceDate "2018.10.10"]
[SourceVersion "1"]
[SourceVersionDate "2018.10.10"]
[SourceQuality "1"]

1. Nf3 d5 2. g3 c5 3. Bg2 Nc6 4. 0-0 e5 5. d3 Nf6 6. c3 Be7 7. Nbd2 0-0 8. e4 Re8 9. exd5 Nxd5 10. Re1 Bf6 11. Nc4 Nb6 12. Nxb6 Qxb6 13. Nd2 Be6 14. Ne4 Be7 15. Qe2 Rad8 16. Be3 Qb5 17. a4 Qa5 18. Nd2 Qc7 19. Nc4 Bd5 20. Rad1 Bxg2 21. Kxg2 h6 22. Qg4 Qd7 23. Qxd7 Rxd7 24. f4 Red8 25. fxe5 Rd5 26. Kf3 Rxd3 27. Rxd3 Rxd3 28. Ke2 Rd8 29. Rd1 Rxd1 30. Kxd1 Kf8 31. Kd2 Ke8 32. Kd3 Kd7 33. Ke4 Ke6 34. g4 b6 35. Bf4 Bf8 36. h4 g6 37. h5 g5 38. Bg3 Bg7 39. Bh2 f6 40. a5 b5 41. Nd6 fxe5 42. Ne8 Bf8 43. Nc7+ Kd7 44. Nxb5 Nxa5 45. Nxa7 Nc4 46. b3 Nd2+ 47. Kd3 Nxb3 48. Bxe5 Ke6 49. Bh8 Nc1+ 50. Ke3 Kd5 51. Nc8 Kc6 52. Bf6 Kd7 53. Nb6+ Ke6 54. Bh8 Nb3 55. Nc4 Kd5 56. Ne5 c4 57. Nd7 Bd6 58. Bg7 Ke6 59. Nf8+ Kf7 60. Bxh6 Bxf8 61. Bxg5 Bg7 62. Ke4 Bxc3 63. Kd5 Na5 64. Bd8 Nb7 65. Kxc4 Nxd8 66. Kxc3 Kg7 1/2-1/2

[Event "Donskoj"]
[Site "Donskoj"]
[Date "2018.03.15"]
[Round "12"]
[White "Brikov, Illarion"]
[Black "Kobjakov, Vladimir"]
[Result "1-0"]
[WhiteElo "2394"]
[BlackElo "2069"]
[PlyCount "93"]
[EventDate "2018.03.09"]
[EventType "tourn"]
[EventRounds "13"]
[EventCountry "RUS"]
[EventCategory "1"]
[SourceTitle "CBM 183 Extra"]
[Source "ChessBase"]
[SourceDate "2018.04.19"]
[SourceVersion "1"]
[SourceVersionDate "2018.04.19"]
[SourceQuality "1"]

1. e4 c5 2. c3 d6 3. d4 cxd4 4. cxd4 g6 5. h3 Bg7 6. Nf3 Nf6 7. Nc3 0-0 8. Bd3 Nc6 9. 0-0 Qb6 10. Na4 Qd8 11. Nc3 Qb6 12. Bc2 Rd8 13. Rb1 d5 14. e5 Ne8 15. Na4 Qc7 16. Nh4 Nb4 17. Bb3 Bd7 18. Nc3 e6 19. Be3 Qa5 20. a3 Nc6 21. f4 Nc7 22. Nf3 Nb5 23. Na4 a6 24. Nc5 Qc7 25. Ba4 Nba7 26. Rc1 b5 27. Bc2 Nc8 28. Bd3 Nb6 29. b3 Nc8 30. Qc2 N8e7 31. g4 Rdc8 32. Kh1 Nd8 33. Qd2 Ndc6 34. Nh4 f5 35. exf6 Bxf6 36. Nf3 Bg7 37. Ne5 Nxe5 38. fxe5 Qa7 39. Bh6 Rf8 40. Bxg7 Kxg7 41. Qg5 Ng8 42. h4 Rae8 43. h5 Ne7 44. Rxf8 Kxf8 45. hxg6 hxg6 46. Bxg6 Nxg6 47. Qf6+ 1-0

[Event "Donskoj"]
[Site "Donskoj"]
[Date "2018.03.11"]
[Round "4"]
[White "Kobjakov, Vladimir"]
[Black "Gusev, Aleksey"]
[Result "0-1"]
[WhiteElo "2069"]
[BlackElo "2368"]
[PlyCount "70"]
[EventDate "2018.03.09"]
[EventType "tourn"]
[EventRounds "13"]
[EventCountry "RUS"]
[EventCategory "1"]
[SourceTitle "CBM 183 Extra"]
[Source "ChessBase"]
[SourceDate "2018.04.19"]
[SourceVersion "1"]
[SourceVersionDate "2018.04.19"]
[SourceQuality "1"]

1. Nf3 Nf6 2. b3 d6 3. d4 g6 4. Bb2 Bg7 5. g3 0-0 6. Bg2 e5 7. dxe5 Nfd7 8. 0-0 dxe5 9. e4 Qe7 10. Nc3 c6 11. a4 a5 12. Ba3 Nc5 13. Nd2 Be6 14. Qe2 Nba6 15. Nc4 Qc7 16. Nd1 Rfd8 17. Nde3 Rd7 18. Rad1 Rad8 19. Rxd7 Rxd7 20. Bb2 b5 21. axb5 cxb5 22. Na3 b4 23. Nac4 a4 24. bxa4 Nxa4 25. Bxe5 Bxe5 26. Nxe5 Qxe5 27. Qxa6 Nc3 28. h3 h5 29. Re1 h4 30. gxh4 Rd2 31. Qf1 Qh5 32. f4 Qxh4 33. f5 gxf5 34. exf5 Bd7 35. Ng4 Bb5 0-1

[Event "Donskoj"]
[Site "Donskoj"]
[Date "2018.03.09"]
[Round "1"]
[White "Kravchenko, Alexander"]
[Black "Kobjakov, Vladimir"]
[Result "1-0"]
[WhiteElo "1829"]
[BlackElo "2069"]
[PlyCount "55"]
[EventDate "2018.03.09"]
[EventType "tourn"]
[EventRounds "13"]
[EventCountry "RUS"]
[EventCategory "1"]
[SourceTitle "CBM 183 Extra"]
[Source "ChessBase"]
[SourceDate "2018.04.19"]
[SourceVersion "1"]
[SourceVersionDate "2018.04.19"]
[SourceQuality "1"]

1. d4 f5 2. e4 fxe4 3. Nc3 Nf6 4. f3 e3 5. Bxe3 d5 6. Nge2 c6 7. Qd2 e6 8. g4 Bd6 9. Ng3 0-0 10. 0-0-0 b5 11. Bd3 a5 12. g5 Ne8 13. g6 Nd7 14. gxh7+ Kh8 15. Nh5 Ndf6 16. Nf4 Bxf4 17. Bxf4 Nd6 18. Rdg1 Nf5 19. Ne2 Ra7 20. h4 Nh5 21. Be5 Qe8 22. Rg5 Kxh7 23. Rhg1 Rg8 24. Rg6 Qf7 25. Qg5 Nf6 26. Bxf5 exf5 27. Bxf6 gxf6 28. Qh5# 1-0

[Event "Dubna Suetin Memorial"]
[Site "Dubna"]
[Date "2016.11.24"]
[Round "12"]
[White "Kobjakov, Vladimir"]
[Black "Moiseev, Viktor"]
[Result "0-1"]
[WhiteElo "2325"]
[BlackElo "2422"]
[PlyCount "98"]
[EventDate "2016.11.16"]
[EventType "tourn"]
[EventRounds "13"]
[EventCountry "RUS"]
[EventCategory "5"]
[SourceTitle "CBM 175 Extra"]
[Source "ChessBase"]
[SourceDate "2016.12.12"]
[SourceVersion "1"]
[SourceVersionDate "2016.12.12"]
[SourceQuality "1"]

1. e4 c5 2. c3 d5 3. exd5 Qxd5 4. d4 Nf6 5. Nf3 Bg4 6. Be2 Nc6 7. 0-0 e6 8. Be3 cxd4 9. cxd4 Be7 10. Nc3 Qd6 11. h3 Bh5 12. Qb3 0-0 13. Rfd1 Rfd8 14. a3 a6 15. Rac1 b5 16. d5 Na5 17. Qa2 Nxd5 18. Nxd5 exd5 19. Bc5 Qf6 20. Bxe7 Qxe7 21. b4 Nc4 22. Bxc4 dxc4 23. Re1 Qf6 24. Nd2 Bg6 25. Re3 Rd3 26. Rce1 Rxe3 27. Rxe3 Rd8 28. Nf1 c3 29. Re2 c2 30. Rxc2 Bxc2 31. Qxc2 g6 32. Qc1 Rd3 33. Ne3 Qc3 34. Qxc3 Rxc3 35. Kf1 Rxa3 36. Nd5 a5 37. bxa5 Rxa5 38. Ke2 Ra2+ 39. Ke3 Ra4 40. Nf6+ Kg7 41. Ne4 b4 42. Kd3 Ra2 43. Kc4 f5 44. Kb3 Re2 45. Nc5 Rxf2 46. g4 fxg4 47. hxg4 Rg2 48. g5 Rxg5 49. Kxb4 Rxc5 0-1

[Event "Dubna Suetin Memorial"]
[Site "Dubna"]
[Date "2016.11.21"]
[Round "9"]
[White "Kalinichev, Andrey"]
[Black "Kobjakov, Vladimir"]
[Result "1-0"]
[WhiteElo "2424"]
[BlackElo "2325"]
[PlyCount "85"]
[EventDate "2016.11.16"]
[EventType "tourn"]
[EventRounds "13"]
[EventCountry "RUS"]
[EventCategory "5"]
[SourceTitle "CBM 175 Extra"]
[Source "ChessBase"]
[SourceDate "2016.12.12"]
[SourceVersion "1"]
[SourceVersionDate "2016.12.12"]
[SourceQuality "1"]

1. e4 Nc6 2. d4 d5 3. Nc3 Nf6 4. e5 Ng8 5. Bg5 h6 6. Bh4 Bf5 7. Nf3 g5 8. Bg3 e6 9. a3 a6 10. Qd2 Nge7 11. 0-0-0 Ng6 12. h3 h5 13. h4 g4 14. Ng5 Bh6 15. Kb1 Bxg5 16. hxg5 h4 17. Bf4 Nxf4 18. Qxf4 Ne7 19. f3 Ng6 20. Qe3 gxf3 21. gxf3 Qd7 22. f4 0-0-0 23. Qf2 Kb8 24. Bd3 Bxd3 25. Rxd3 b5 26. Nd1 Kb7 27. Rdh3 Kb6 28. Ne3 Rh7 29. Ng2 Rdh8 30. Ne1 Qe7 31. Nd3 a5 32. a4 b4 33. Nc5 c6 34. c3 Rb8 35. Qf1 Qa7 36. f5 exf5 37. Qxf5 Rb7 38. e6 Nf8 39. Nxb7 Qxb7 40. cxb4 axb4 41. Qc2 Nxe6 42. Rb3 Ka5 43. Qxh7 1-0

[Event "Dubna Suetin Memorial"]
[Site "Dubna"]
[Date "2016.11.19"]
[Round "5"]
[White "Kobjakov, Vladimir"]
[Black "Moiseenko, Vladimir"]
[Result "0-1"]
[WhiteElo "2325"]
[BlackElo "2272"]
[PlyCount "50"]
[EventDate "2016.11.16"]
[EventType "tourn"]
[EventRounds "13"]
[EventCountry "RUS"]
[EventCategory "5"]
[SourceTitle "CBM 175 Extra"]
[Source "ChessBase"]
[SourceDate "2016.12.12"]
[SourceVersion "1"]
[SourceVersionDate "2016.12.12"]
[SourceQuality "1"]

1. e4 c6 2. d4 d5 3. exd5 cxd5 4. c4 Nf6 5. Nc3 e6 6. Nf3 Bb4 7. cxd5 Nxd5 8. Bd2 Nc6 9. Bd3 0-0 10. 0-0 Be7 11. Rc1 Ndb4 12. Bb1 Nxd4 13. Nxd4 Qxd4 14. Qh5 g6 15. Qe2 b6 16. a3 Ba6 17. Nb5 Qxb2 18. axb4 Bxb5 19. Qxb5 Qxd2 20. Be4 Rac8 21. Rb1 Rfd8 22. g3 Rd4 23. Bg2 Rxb4 24. Qa6 Rc7 25. Rxb4 Bxb4 0-1

[Event "Dubna Suetin Memorial"]
[Site "Dubna"]
[Date "2016.11.17"]
[Round "2"]
[White "Arakeljan, Armen M"]
[Black "Kobjakov, Vladimir"]
[Result "1-0"]
[WhiteElo "2334"]
[BlackElo "2325"]
[PlyCount "139"]
[EventDate "2016.11.16"]
[EventType "tourn"]
[EventRounds "13"]
[EventCountry "RUS"]
[EventCategory "5"]
[SourceTitle "CBM 175 Extra"]
[Source "ChessBase"]
[SourceDate "2016.12.12"]
[SourceVersion "1"]
[SourceVersionDate "2016.12.12"]
[SourceQuality "1"]

1. d4 d5 2. c4 e6 3. Nc3 Nf6 4. Bg5 Be7 5. e3 0-0 6. Nf3 h6 7. Bh4 b6 8. cxd5 Nxd5 9. Bxe7 Nxe7 10. Bd3 Bb7 11. 0-0 Nd7 12. Rc1 Nf6 13. Qe2 Ned5 14. Nxd5 Nxd5 15. Rfd1 Qe7 16. Ne5 a5 17. Bb5 Rac8 18. Bc6 Bxc6 19. Nxc6 Qd6 20. a3 Ra8 21. Rc2 Rfe8 22. Qf3 f5 23. Rdc1 Rec8 24. Qe2 Re8 25. Qb5 Qd7 26. Re1 Rf8 27. Qd3 Qd6 28. f3 Rfe8 29. Rec1 Nf6 30. Qc4 Nd5 31. Qe2 Nf6 32. Rc3 Nd5 33. Rc4 Nf6 34. R4c2 Nd5 35. Qd2 Nf6 36. Rd1 Nd5 37. g3 Nf6 38. Qe2 Nd5 39. Qd3 Nf6 40. Rcc1 Nd5 41. Rc4 Rac8 42. e4 fxe4 43. fxe4 Ne7 44. Na7 Ra8 45. Nb5 Qd7 46. Nxc7 Rf8 47. Nxa8 Rxa8 48. Qc3 Ra7 49. d5 exd5 50. exd5 Qd6 51. Rg4 g6 52. Re4 Rd7 53. Re6 Qc5+ 54. Qxc5 bxc5 55. Ra6 a4 56. Rxa4 Nf5 57. Ra5 c4 58. Kf2 Kg7 59. Rc5 Nd6 60. Re1 h5 61. a4 Rb7 62. Re2 Rf7+ 63. Kg2 Ra7 64. Re6 Nf5 65. Rxc4 Rd7 66. Rcc6 Rxd5 67. Rxg6+ Kf7 68. b4 Ne3+ 69. Kf3 Ng4 70. Ke4 1-0